000 00638nam a22002177a 4500
003 UA-OsUOA
001 116244
007 ta
008 20160225b un ||||| |||| 00| 0 ukr d
100 _aМайнаєва О.
090 _a82
_bМ14
942 _cSA
040 _aUA-OsUOA
_bukr
_cUA-OsUOA
_dUA-OsUOA
245 _aФормування громадянської позиції школірів на уроках української літератури
300 _aС.8-11
955 _a0
041 _aukr
080 _a82
773 0 _w116243
650 7 _a82 Література. Літературознавство
_2UDC
999 _c402055
_d402055